000
00335nam a22001217a 4500
003
SGT
082
_a
891.4309
_b
J15S
100
_a
सरावगी,अलका
245
_a
जानकीदास तेजपाल मैंशन
260
_b
राजकमल प्रकाशन
_c
2015
300
_a
183
942
_2
ddc
_c
BK
999
_c
30084
_d
30084